00811 a2200229 4500010001400000020002300014035001300037037001800050082001100068090001500079100002000094245008000114260004900194270008400243300002900327500002000356700002300376710000600399942002600405999001500431952013500446 aENG-85138 a8131301842c795.00 aEN-68671 bD.B.Act / Pub14a647.94 c1498d14981 aBanerjee, Anita1 aHouse keeping management in hotelscby Anita Banerjee and B. K. Chakravarti aNew DelhibAPH Publishing Corporatioonc2007 a5, Ansari Road, Darya GanjbNew Delhie110 002maphbooks@vsnl.netk011 23274050 axii, 318 p.b22cm. (Hb) aIncludes index aChakravarti, B. K. a. adplcENk647.94 / BAN c1482d1482 00102ddc40718NFICaDBADbDBADeDBAD/PUBg795.00l0o647.94 BANpEN-68671r2008-09-15 00:00:00t1u1554v795.00w2008-09-15yEN